Largest cities of the world A-Z - Statistics

General Stats
  • This quiz has been taken 46 times
  • The average score is 18 of 26
Answer Stats
Letter Continent Answer % Correct
B China Beijing
98%
R South America Rio de Janeiro
98%
G China Guangzhou
95%
S China Shanghai
95%
I Asia/Europe Istanbul
93%
J Asia Jakarta
88%
L Africa Lagos
88%
T Asia Tokyo
85%
V North America Vancouver
85%
W China Wuhan
85%
E North America Edmonton
83%
X China Xian
83%
N Asia New Delhi
70%
O Asia Osaka
68%
H China Hong Kong
65%
M Asia Mumbai
65%
C China Chongqing
60%
K Asia Karachi
60%
D Asia Dhaka
58%
A Asia Ahmedabad
55%
Q China Qingdao
50%
U China Urumqi
48%
F China Fuzhou
43%
Z China Zhengzhou
43%
P Asia Pune
38%
Y Asia Yangon
38%
No matching quizzes found
Score Distribution
Percent of People with Each Score
Percentile by Number Answered
Your Score History
You have not taken this quiz